La vraie spiritualité de Saint Grignion de Montfort (notice n° 1619795)
[ vue normale ]
| 000 -LEADER | |
|---|---|
| fixed length control field | 01384cam a2200169 4500500 |
| 005 - DATE AND TIME OF LATEST TRANSACTION | |
| control field | 20260111090909.0 |
| 041 ## - LANGUAGE CODE | |
| Language code of text/sound track or separate title | fre |
| 042 ## - AUTHENTICATION CODE | |
| Authentication code | dc |
| 100 10 - MAIN ENTRY--PERSONAL NAME | |
| Personal name | Guitteny, Bernard |
| Relator term | author |
| 245 00 - TITLE STATEMENT | |
| Title | La vraie spiritualité de Saint Grignion de Montfort |
| 260 ## - PUBLICATION, DISTRIBUTION, ETC. | |
| Date of publication, distribution, etc. | 2003.<br/> |
| 500 ## - GENERAL NOTE | |
| General note | 44 |
| 520 ## - SUMMARY, ETC. | |
| Summary, etc. | La dernière édition des Œuvres complètes de Grignion de Montfort (1966) rend manifeste qu’un traité lui a été attribué d’une manière erronée ; il est d’un auteur postérieur à lui. Cette erreur a été divulguée depuis le milieu du XIXe siècle. Elle a compliqué la reconnaissance de Grignion de Montfort comme docteur de l’Église, dont la cause a été suspendue en 2001, et elle déséquilibre la cohérence de sa doctrine spirituelle. |
| 520 ## - SUMMARY, ETC. | |
| Summary, etc. | The most recent edition of Grignion de Montfort’s Collected Works (1966) makes clear that a treatise, written by a later author, has been unduly attributed to him. The error, diffused since the middle of the 19 th century, complicates the recognition of Grignion de Montfort as a Doctor of the Church — the cause was suspended in 2001 — and disturbs the coherence of his spiritual doctrine. |
| 786 0# - DATA SOURCE ENTRY | |
| Note | Nouvelle revue théologique | 125 | 1 | 2003-01-14 | p. 99-114 | 0029-4845 |
| 856 41 - ELECTRONIC LOCATION AND ACCESS | |
| Uniform Resource Identifier | <a href="https://shs.cairn.info/revue-nouvelle-revue-theologique-2003-1-page-99?lang=fr&redirect-ssocas=7080">https://shs.cairn.info/revue-nouvelle-revue-theologique-2003-1-page-99?lang=fr&redirect-ssocas=7080</a> |
Pas d'exemplaire disponible.




Réseaux sociaux